000 nam a22 7a 4500
999 _c87526
_d87526
005 20181010124717.0
008 181010b mx ||||| |||| 00| 0 spa d
050 0 4 _aG288
_bR83 1965
100 1 _aRubio, Ángel
245 1 3 _aLa ruta de Balboa y el descubrimiento del Océano Pacífico
_c/ Ángel Rubio.
250 _a1a ed.
260 _aMéxico :
_bInstituto Panamericano de Geografía e Historia,
_c1965
300 _axv, 133 p. ;
_c23 cm.
490 0 _aPublicación ;
_v289
500 _aIncluye apéndice
600 1 4 _a Balboa, Vasco Núñez de,
_d1475-1519
651 4 _aOcéano Pacífico
_xDescubrimiento y exploración
942 _2lcc
_cLIB